<?xml version="1.0" encoding="UTF-8"?>
<record
    xmlns:xsi="http://www.w3.org/2001/XMLSchema-instance"
    xsi:schemaLocation="http://www.loc.gov/MARC21/slim http://www.loc.gov/standards/marcxml/schema/MARC21slim.xsd"
    xmlns="http://www.loc.gov/MARC21/slim">

  <leader>01500nam2a22002771  4500</leader>
  <controlfield tag="001">v19\rc\1200940</controlfield>
  <controlfield tag="005">20260405195726.0</controlfield>
  <datafield tag="035" ind1=" " ind2=" ">
    <subfield code="a">(NLR Aleph) 004366518</subfield>
  </datafield>
  <datafield tag="090" ind1=" " ind2=" ">
    <subfield code="a">3442589</subfield>
    <subfield code="c">3442589</subfield>
  </datafield>
  <datafield tag="100" ind1=" " ind2=" ">
    <subfield code="a">20060306d1892    |||y0rusy50      ca</subfield>
  </datafield>
  <datafield tag="101" ind1="0" ind2=" ">
    <subfield code="a">rus</subfield>
  </datafield>
  <datafield tag="102" ind1=" " ind2=" ">
    <subfield code="a">RU</subfield>
  </datafield>
  <datafield tag="105" ind1=" " ind2=" ">
    <subfield code="a">y   z   |||||</subfield>
  </datafield>
  <datafield tag="200" ind1="1" ind2=" ">
    <subfield code="a">... &#x43E;&#x447;&#x435;&#x440;&#x435;&#x434;&#x43D;&#x43E;&#x43C;&#x443; 1892 &#x433;&#x43E;&#x434;&#x430;. &#x41E; &#x434;&#x435;&#x439;&#x441;&#x442;&#x432;&#x438;&#x44F;&#x445; &#x43F;&#x43E; &#x43F;&#x440;&#x435;&#x434;&#x443;&#x43F;&#x440;&#x435;&#x436;&#x434;&#x435;&#x43D;&#x438;&#x44E; &#x438; &#x43F;&#x440;&#x435;&#x441;&#x435;&#x447;&#x435;&#x43D;&#x438;&#x44E; &#x445;&#x43E;&#x43B;&#x435;&#x440;&#x43D;&#x43E;&#x439; &#x44D;&#x43F;&#x438;&#x434;&#x435;&#x43C;&#x438;&#x438;</subfield>
  </datafield>
  <datafield tag="210" ind1=" " ind2=" ">
    <subfield code="d">1892</subfield>
    <subfield code="a">&#x411;. &#x43C;.</subfield>
  </datafield>
  <datafield tag="215" ind1=" " ind2=" ">
    <subfield code="a">74 &#x441;.</subfield>
  </datafield>
  <datafield tag="300" ind1=" " ind2=" ">
    <subfield code="a">&#x412; &#x43A;&#x43E;&#x43D;&#x446;&#x435; &#x442;&#x435;&#x43A;&#x441;&#x442;&#x430; &#x441;&#x43E;&#x441;&#x442;.: &#x432;&#x440;&#x430;&#x447; &#x410;.&#x412;. &#x421;&#x43C;&#x438;&#x440;&#x43D;&#x43E;&#x432;</subfield>
  </datafield>
  <datafield tag="461" ind1=" " ind2="0">
    <subfield code="1">001v19\rc\1200913</subfield>
    <subfield code="1">2001#$a&#x414;&#x43E;&#x43A;&#x43B;&#x430;&#x434; &#x413;&#x443;&#x431;&#x435;&#x440;&#x43D;&#x441;&#x43A;&#x43E;&#x439; &#x437;&#x435;&#x43C;&#x441;&#x43A;&#x43E;&#x439; &#x443;&#x43F;&#x440;&#x430;&#x432;&#x44B; &#x417;&#x435;&#x43C;&#x441;&#x43A;&#x43E;&#x43C;&#x443; &#x441;&#x43E;&#x431;&#x440;&#x430;&#x43D;&#x438;&#x44E;...$v... &#x43E;&#x447;&#x435;&#x440;&#x435;&#x434;&#x43D;&#x43E;&#x43C;&#x443; 1892 &#x433;&#x43E;&#x434;&#x430;$90</subfield>
    <subfield code="9">3442242</subfield>
    <subfield code="a">&#x412;&#x43B;&#x430;&#x434;&#x438;&#x43C;&#x438;&#x440;&#x441;&#x43A;&#x430;&#x44F; &#x433;&#x443;&#x431;&#x435;&#x440;&#x43D;&#x441;&#x43A;&#x430;&#x44F; &#x437;&#x435;&#x43C;&#x441;&#x43A;&#x430;&#x44F; &#x443;&#x43F;&#x440;&#x430;&#x432;&#x430;</subfield>
    <subfield code="c">[&#x412;&#x43B;&#x430;&#x434;&#x438;&#x43C;&#x438;&#x440; &#x433;&#x443;&#x431;.</subfield>
    <subfield code="d">1866]-1917</subfield>
    <subfield code="t">&#x414;&#x43E;&#x43A;&#x43B;&#x430;&#x434; &#x413;&#x443;&#x431;&#x435;&#x440;&#x43D;&#x441;&#x43A;&#x43E;&#x439; &#x437;&#x435;&#x43C;&#x441;&#x43A;&#x43E;&#x439; &#x443;&#x43F;&#x440;&#x430;&#x432;&#x44B; &#x417;&#x435;&#x43C;&#x441;&#x43A;&#x43E;&#x43C;&#x443; &#x441;&#x43E;&#x431;&#x440;&#x430;&#x43D;&#x438;&#x44E;...</subfield>
    <subfield code="v">... &#x43E;&#x447;&#x435;&#x440;&#x435;&#x434;&#x43D;&#x43E;&#x43C;&#x443; 1892 &#x433;&#x43E;&#x434;&#x430;$90</subfield>
  </datafield>
  <datafield tag="517" ind1="0" ind2=" ">
    <subfield code="a">&#x41E; &#x434;&#x435;&#x439;&#x441;&#x442;&#x432;&#x438;&#x44F;&#x445; &#x43F;&#x43E; &#x43F;&#x440;&#x435;&#x434;&#x443;&#x43F;&#x440;&#x435;&#x436;&#x434;&#x435;&#x43D;&#x438;&#x44E; &#x438; &#x43F;&#x440;&#x435;&#x441;&#x435;&#x447;&#x435;&#x43D;&#x438;&#x44E; &#x445;&#x43E;&#x43B;&#x435;&#x440;&#x43D;&#x43E;&#x439; &#x44D;&#x43F;&#x438;&#x434;&#x435;&#x43C;&#x438;&#x438;</subfield>
  </datafield>
  <datafield tag="702" ind1=" " ind2="1">
    <subfield code="4">220</subfield>
    <subfield code="8">rus</subfield>
    <subfield code="7">ca</subfield>
    <subfield code="a">&#x421;&#x43C;&#x438;&#x440;&#x43D;&#x43E;&#x432;</subfield>
    <subfield code="b">&#x410;. &#x412;.</subfield>
    <subfield code="c">&#x431;&#x438;&#x431;&#x43B;&#x438;&#x43E;&#x433;&#x440;&#x430;&#x444;, &#x432;&#x440;&#x430;&#x447;</subfield>
    <subfield code="f">1854-1918</subfield>
    <subfield code="g">&#x410;&#x43B;&#x435;&#x43A;&#x441;&#x430;&#x43D;&#x434;&#x440; &#x412;&#x430;&#x441;&#x438;&#x43B;&#x44C;&#x435;&#x432;&#x438;&#x447;</subfield>
    <subfield code="3">RU\NLR\AUTH\7787392</subfield>
    <subfield code="9">70320</subfield>
  </datafield>
  <datafield tag="801" ind1=" " ind2="0">
    <subfield code="a">RU</subfield>
    <subfield code="b">NLR</subfield>
    <subfield code="g">psbo</subfield>
  </datafield>
  <datafield tag="801" ind1=" " ind2="1">
    <subfield code="a">RU</subfield>
    <subfield code="b">ProSoft-M</subfield>
    <subfield code="2">rusmarc</subfield>
  </datafield>
  <datafield tag="852" ind1=" " ind2=" ">
    <subfield code="a">NLR</subfield>
    <subfield code="b">&#x417;&#x435;&#x43C;</subfield>
    <subfield code="j">6/&#x414;34</subfield>
  </datafield>
  <datafield tag="942" ind1=" " ind2=" ">
    <subfield code="c">BOOK</subfield>
  </datafield>
  <datafield tag="980" ind1=" " ind2=" ">
    <subfield code="a">NB</subfield>
  </datafield>
  <datafield tag="995" ind1=" " ind2=" ">
    <subfield code="5">2013-10-26</subfield>
    <subfield code="b">NLR02</subfield>
    <subfield code="c">NLR02</subfield>
    <subfield code="e">RFS</subfield>
    <subfield code="f">4366518-10</subfield>
    <subfield code="k">&#x417;&#x435;&#x43C; 6/&#x414;34</subfield>
    <subfield code="o">0</subfield>
    <subfield code="r">BOOK</subfield>
    <subfield code="s">_634</subfield>
  </datafield>
</record>
